• 首页
  • 本馆介绍
  • 公告通知
  • 最新文献
  • 馆藏检索
  • 电子资源
  • 读者导购
  • 参考咨询
  • 我的图书馆
  • 登录
  • 详细信息显示
  • 放入我的书架
  • 预约/预借图书
  • 作者相关作品
  • 分类相关作品
  • 丛书相关作品
  • 出版社相关作品

书目信息

  • 表格格式
  • 工作单格式
  • 卡片格式
题名:
二二八事件研究
    
 
作者: 褚静涛 著
分册:  
出版信息: 北京   社会科学文献出版社  2012.03
页数: 603页
开本: 24cm
丛书名: 中国社会科学院文库
单 册:
中图分类: K266.540.7
科图分类:
主题词: 台湾人民“二·二八”武装起义--研究 , 台湾人民“二·二八”武装起义
电子资源:
ISBN: 978-7-5097-3083-6
000 01077oam2 2200289 450
001 010010093432
005 20120619161136.70
010    @a978-7-5097-3083-6@dCNY98.00
100    @a20120316d2012 em y0chiy50 ea
101 0  @achi
102    @aCN@b110000
105    @ay z 000yy
106    @ar
200 1  @a二二八事件研究@9er er ba shi jian yan jiu@dThe study of the february 28th incident in Taiwan@f褚静涛著@zeng
210    @a北京@c社会科学文献出版社@d2012.03
215    @a603页@d24cm
225 2  @a中国社会科学院文库@i历史考古研究系列
300    @a中国社会科学院创新工程学术出版资助项目
330    @a本书主要内容包括:台湾接收与重建;官民矛盾及冲突;二二八事件爆发;十六县市的抗争;军事镇压与宣慰等。
462  0 @12001 @a中国社会科学院文库@i历史考古研究系列
510 1  @aStudy of the february 28th incident in Taiwan@zeng
606 0  @a台湾人民“二·二八”武装起义@x研究
606 0  @a台湾人民“二·二八”武装起义
690    @aK266.540.7@v4
701  0 @a褚静涛@9chu jing tao@4著
801  0 @aCN@bRENTIAN@c20120316
905    @b540169-73@dK266.540.7@e51@f5
    
    二二八事件研究=The study of the february 28th incident in Taiwan/褚静涛著.-北京:社会科学文献出版社,2012.03
    603页;24cm.-(中国社会科学院文库.历史考古研究系列)
    中国社会科学院创新工程学术出版资助项目
    
    ISBN 978-7-5097-3083-6:CNY98.00
    本书主要内容包括:台湾接收与重建;官民矛盾及冲突;二二八事件爆发;十六县市的抗争;军事镇压与宣慰等。
●
相关链接 在E读中查询图书 在五车中查询图书 在当当中查询图书 在豆瓣中查询图书


正题名:二二八事件研究     索取号:K266.540.7/51         预约/预借

序号 登录号 条形码 馆藏地/架位号 状态 备注
1 540169   205401698   第二样本阅览室/ [索取号:K266.540.7/51] 在馆    
2 540170   205401705   密集书库-史法系/ [索取号:K266.540.7/51] 在馆    
3 540171   205401714   第二借阅区/ [索取号:K266.540.7/51] 在馆    
4 540172   205401723   第二借阅区/ [索取号:K266.540.7/51] 在馆    
5 540173   205401732   第二借阅区/ [索取号:K266.540.7/51] 在馆    
唐山师范学院图书馆 欢迎您!
大连网信软件有限公司© 版权所有